<?xml version="1.0" encoding="UTF-8"?><?xml-stylesheet type="text/xsl" href="static/style.xsl"?><OAI-PMH xmlns="http://www.openarchives.org/OAI/2.0/" xmlns:xsi="http://www.w3.org/2001/XMLSchema-instance" xsi:schemaLocation="http://www.openarchives.org/OAI/2.0/ http://www.openarchives.org/OAI/2.0/OAI-PMH.xsd"><responseDate>2026-04-17T03:36:00Z</responseDate><request verb="GetRecord" identifier="oai:www.recercat.cat:2072/414667" metadataPrefix="marc">https://recercat.cat/oai/request</request><GetRecord><record><header><identifier>oai:recercat.cat:2072/414667</identifier><datestamp>2024-10-31T00:49:34Z</datestamp><setSpec>com_2072_98</setSpec><setSpec>col_2072_378192</setSpec></header><metadata><record xmlns="http://www.loc.gov/MARC21/slim" xmlns:dcterms="http://purl.org/dc/terms/" xmlns:xsi="http://www.w3.org/2001/XMLSchema-instance" xmlns:doc="http://www.lyncode.com/xoai" xsi:schemaLocation="http://www.loc.gov/MARC21/slim http://www.loc.gov/standards/marcxml/schema/MARC21slim.xsd">
   <leader>00925njm 22002777a 4500</leader>
   <datafield ind2=" " ind1=" " tag="042">
      <subfield code="a">dc</subfield>
   </datafield>
   <datafield ind2=" " ind1=" " tag="720">
      <subfield code="a">Gago Jover, Francisco</subfield>
      <subfield code="e">author</subfield>
   </datafield>
   <datafield ind2=" " ind1=" " tag="260">
      <subfield code="c">2015</subfield>
   </datafield>
   <datafield ind2=" " ind1=" " tag="520">
      <subfield code="a">El artículo ofrece una descripción pormenorizada de la historia, características de funcionamiento y contenidos de la Biblioteca Digital de Textos del Español Antiguo (BiDTEA) preparada por el Hispanic Seminary of Medieval Studies. BiDTEA ofrece acceso interactivo a transcripciones semi-paleográficas de testimonios concretos de obras producidas en el periodo medieval, una serie de índices (alfabético, frecuencia, alfabético inverso) yconcordancias en formato KWIC.</subfield>
   </datafield>
   <datafield ind2=" " ind1=" " tag="520">
      <subfield code="a">The article offers a detailed description of the history, operating characteristics, and contents of the Biblioteca Digital de Textos del Español Antiguo (BiDTEA) prepared by the Hispanic Seminary of Medieval Studies. BiDTEA offers interactive access to semi-paleographical transcriptions of texts produced during the medieval period, a series of indices (alphabetic, frequency, reverse alphabetic), and KWIC concordances.</subfield>
   </datafield>
   <datafield tag="653" ind2=" " ind1=" ">
      <subfield code="a">Corpus digitalizado del castellano antiguo</subfield>
   </datafield>
   <datafield tag="653" ind2=" " ind1=" ">
      <subfield code="a">Español medieval</subfield>
   </datafield>
   <datafield tag="653" ind2=" " ind1=" ">
      <subfield code="a">Digital medieval Spanish corpus</subfield>
   </datafield>
   <datafield tag="653" ind2=" " ind1=" ">
      <subfield code="a">Medieval Spanish</subfield>
   </datafield>
   <datafield ind2="0" ind1="0" tag="245">
      <subfield code="a">La biblioteca digital de textos del español antiguo (BiDTEA)</subfield>
   </datafield>
</record></metadata></record></GetRecord></OAI-PMH>